000 00445nam a22001817a 4500
003 MPLRDC
005 20220104173322.0
008 210129b ||||| |||| 00| 0 eng d
020 _a0-8129-2964-4
082 _a490.99 TRU
100 _aDONALD J. TRUMP, KATE BOHNER
245 _aTRUPM, THE ART OF THE COMEBACK
_c
250 _a初版
260 _a
_bTIMES BOOKS
_c1997
300 _b
650 _a企业家
942 _cBK
_o490.99 TRU
999 _c59366
_d59356